000 00809nam a2200277Ia 4500
003 OSt
005 20220912151410.0
006 a|||||r|||| 00| 0
007 ta
008 220909b |||||||| |||| 00| 0 eng d
024 _a12989
037 _cTextual
040 _aCSL
_beng
_cCSL
041 _aeng
082 _aY12.2, P3 Y17D
100 _aChandra Vinod Ed.
245 0 _aConstruction and reconstruction of Indian youth
260 _aLucknow
_bCircle for child and youth research cooperation in India
_c2003
300 _aiv,254p.
_ccm.
500 _aIncludes bibliographical references
650 _a Construction and reconstruction
650 _a India
650 _aAnthropology
942 _hY12.2, P3 Y17D
_cTEXL
_2CC
999 _c67558
_d67558